各种知识 #20 General knowledge - Statistics

General Stats
  • This quiz has been taken 42 times
  • The average score is 8 of 20
Answer Stats
出题者 问题 答案 % Correct
hahahasisisi 经《刑法修正案》(十一)调整后我国的最低刑事责任年龄是 十二岁
90%
XON 我国C9高校中主校区年均温最低最寒冷的高校是哪所 哈尔滨工业大学
80%
CNY 明清时期的科举制度中,各省乡试的第一名被称为 解元
73%
CNY 中国民间传说中的“五大家仙”中,“灰仙”所代指的常见动物是 老鼠
65%
CNY 在汉语中,调制解调器经常用一种动物代指,这种动物是
60%
uoiu 写下《与妻书》的清末革命烈士是 林觉民
60%
CNY 《福尔摩斯探案集》中,最早被出版的一篇(也被称为“第一个案件”)是 血字的研究
58%
uoiu 大脑中主要负责短时记忆的存储转换和定向等功能的结构是 海马体
58%
uoiu 八大山人是谁的别号 朱耷
53%
uoiu 摄影中,f/1.4的光圈面积是f/4的多少倍? 8
38%
pcktrsss 郑州的一个区名来自1号线3号线换乘站的一个广场,它因一个历史事件而得名,这个事件(的内容)是 二七大罢工
35%
uoiu 上题主人公的故居(同时也是冰心故居)现在位于一个历史文化街区,这个街区是 福州三坊七巷
30%
uoiu 炒饭小测验的网址是https://___________/ xiaoce.fun
30%
YannC Keep软件的启动页面标语是 自律给我自由
20%
uoiu 开发了“脑叶公司”、“边狱巴士”、“废墟图书馆”的韩国游戏制作公司是 Project Moon
18%
uoiu 成都地铁18、19与S3(资阳线)的换乘站是 福田
13%
uoiu 日本游戏开发公司SE的全称是 Square Enix
13%
uoiu 位于郑州市老城区东南部的商代前期文化遗址是 二里岗遗址
8%
uoiu 前半部由大变小向中间收缩至一个窄喉,之后又由小变大向外扩张的火箭喷口形状被称为 拉瓦尔喷管
5%
uoiu 描述实验动物没有携带特定病原(无特定病原体)的三字母英文简称是 SPF
5%
No matching quizzes found
Score Distribution
Percent of People with Each Score
Percentile by Number Answered
Your Score History
You have not taken this quiz